
Library Catalogue

| 000 -LEADER | |
|---|---|
| fixed length control field | 00910nam a2200217Ia 4500 |
| 003 - CONTROL NUMBER IDENTIFIER | |
| control field | OSt |
| 005 - DATE AND TIME OF LATEST TRANSACTION | |
| control field | 20211005112825.0 |
| 008 - FIXED-LENGTH DATA ELEMENTS--GENERAL INFORMATION | |
| fixed length control field | 160316s1998 xxu||||| |||| 00| 0 eng d |
| 020 ## - INTERNATIONAL STANDARD BOOK NUMBER | |
| International Standard Book Number | 9780304338511 |
| 040 ## - CATALOGING SOURCE | |
| Transcribing agency | n |
| 082 ## - DEWEY DECIMAL CLASSIFICATION NUMBER | |
| Classification number | 294.521000 |
| Item number | BOW |
| 100 ## - MAIN ENTRY--PERSONAL NAME | |
| Personal name | Bowen Paul |
| 245 ## - TITLE STATEMENT | |
| Title | Themes and issues in hinduism |
| 260 ## - PUBLICATION, DISTRIBUTION, ETC. | |
| Place of publication, distribution, etc. | London |
| Name of publisher, distributor, etc. | Casewell |
| Date of publication, distribution, etc. | 1998 |
| 300 ## - PHYSICAL DESCRIPTION | |
| Extent | 280p |
| Dimensions | viii |
| 365 ## - TRADE PRICE | |
| Price amount | Rs.2,187 |
| 505 ## - FORMATTED CONTENTS NOTE | |
| Formatted contents note | Table of contents<br/>Introduction: <br/>raising the issues, P. Bowen;<br/>Human nature and destiny, A. Rambachan; <br/>making moral decisions, G. Flood; <br/>women in Hinduism, S. Sugirtharajah; <br/>attitudes to nature, A.R. Choudhury; <br/>myth and mystery, J.S. Hirst; <br/>sacred writings, G. Flood; <br/>picturing God, S. Sugirtharajah; <br/>worship, A.R. Choudhury; <br/>sacred place, A.R. Choudhury; <br/>rites of passage, G. Flood. |
| 650 ## - SUBJECT ADDED ENTRY--TOPICAL TERM | |
| Topical term or geographic name entry element | 1. Hinduism - Themes & Issues |
| 700 ## - ADDED ENTRY--PERSONAL NAME | |
| Personal name | |
| -- | |
| 942 ## - ADDED ENTRY ELEMENTS (KOHA) | |
| Source of classification or shelving scheme | Dewey Decimal Classification |
| Koha item type | BOOKs |
| Withdrawn status | Lost status | Damaged status | Not for loan | Home library | Current library | Shelving location | Date acquired | Cost, normal purchase price | Total Checkouts | Full call number | Barcode | Date last seen | Price effective from | Koha item type |
|---|---|---|---|---|---|---|---|---|---|---|---|---|---|---|
| . | . | Library Compactors | 30.05.2017 | 2187.00 | 294.521 BOW | 19817 | 30.05.2017 | 30.05.2017 | BOOKs |